| Tag |
First Indicator |
Second Indicator |
Subfields |
| LEADER |
00000nmm a22000001a 4500 |
| 001 |
in00004610607 |
| 006 |
m|||||o||m|||||||| |
| 007 |
cr|cn |||uuuuu |
| 008 |
221118s2013 xxu||||eo|||| ||||||eng d |
| 005 |
20221207213447.3 |
| 035 |
|
|
|a (TxWaIVM)IV42808ArAf
|
| 040 |
|
|
|a TxWaIVM
|c TxWaIVM
|
| 245 |
0 |
0 |
|a Afterlife With Archie #2 /
|c powered by Library Pass.
|
| 260 |
3 |
|
|a [United States] :
|b Archie Comics,
|c 2013.
|
| 300 |
|
|
|a 1 online resource.
|
| 336 |
|
|
|a text
|b txt
|2 rdacontent
|
| 337 |
|
|
|a computer
|b c
|2 rdamedia
|
| 338 |
|
|
|a online resource
|b cr
|2 rdacarrier
|
| 520 |
|
|
|a NEW ONGOING SERIES! The end of the world is here... The horror continues as a zombified Jughead goes on a relentless hunt for brains in this shocking new series by Harvey Award-winning comic/screenwriter Roberto Aguirre-Sacasa (Stephen King's Carrie, Archie meets Glee) and Eisner-winning artist Francesco Francavilla (Batman, Black Beetle). When he performs a despicable and frightening act in front of everyone at the Halloween dance, tensions start to rise and fears begin to mount-who will be next to join Jughead in the Afterlife? And what about those who are already infected? Be warned, kiddies, this one's not for the faint of heart! For TEEN+ readers.
|
| 521 |
|
|
|a 4
|
| 538 |
|
|
|a Requires a valid library card and registration for new users.
|
| 538 |
|
|
|a Mode of access: World Wide Web.
|
| 538 |
|
|
|a System requirements: Flash 10.1 or higher, Windows XP and higher, Internet Explorer 7 and higher, Firefox 3.6 and higher, Google Chrome; Max OS 10.5 and higher, Safari 4 and higher.
|
| 650 |
|
0 |
|a Fantasy comic books, strips, etc.
|
| 655 |
|
7 |
|a Electronic books.
|2 local
|
| 655 |
|
7 |
|a Fantasy comic books, strips, etc.
|2 gsafd
|
| 650 |
|
0 |
|a Horror comic books, strips, etc.
|
| 655 |
|
7 |
|a Horror comic books, strips, etc.
|2 gsafd
|
| 650 |
|
0 |
|a Romance comic books, strips, etc.
|
| 655 |
|
7 |
|a Romance comic books, strips, etc.
|2 gsafd
|
| 700 |
1 |
|
|a Aguirre-Sacasa, Roberto.
|e writer.
|
| 700 |
1 |
|
|a Francavilla, Francesco.
|e artist.
|
| 700 |
1 |
|
|a Morelli, Jack.
|e artist.
|
| 710 |
2 |
|
|a Library Pass, LLC.
|
| 856 |
4 |
0 |
|u http://proxy.library.tamu.edu/login?url=https://tamu.librarypass.com/product/com.iversecomics.afterlife.with.archie.afterlife.with.archie.two.english.11122013
|z Connect to this electronic book (First time users create your free account)
|t 0
|
| 955 |
|
|
|a Comics Plus.
|
| 999 |
f |
f |
|s 005a9a8a-efd4-4307-90ee-9b1d865fdba1
|i 963c848d-9226-4dc0-b300-3be79da4f05f
|t 0
|
| 952 |
f |
f |
|a Texas A&M University
|b College Station
|c Electronic Resources
|d Available Online
|t 0
|h Library of Congress classification
|
| 998 |
f |
f |
|t 0
|l Available Online
|